000 00761nam a2200229Ii 4500
003 JO-AjNU
008 230605s9999||||xx |||||||||||||| ||und||
017 _a2003/13968
020 _a977-01-8748-8
040 _aJO-AjNU
_bara
_erda
_cJO-AjNU
041 _aara
050 1 4 _aPJ7876.A976.B32 2003
100 3 _aالزيات،لطيفة,
_eauthor
_97790
245 0 0 _aالباب المفتوح: رواية
264 3 1 _aالقاهرة: مكتبة الأسرة،2003 ؛ مهرجان القراءة للجميع 2003
300 _a353ص
336 _atext
_btxt
_2rdacontent
337 _aunmediated
_bn
_2rdamedia
338 _avolume
_bnc
_2rdacarrier
490 0 _aسلسلة إبداع المرأة
650 4 _aالأدب العربي - روايات
_97791
999 _aA458
_c4026
_d4026